| 000 | 00470nam a2200145Ia 4500 | ||
|---|---|---|---|
| 008 | 180921t1897 xxu||||| ||||o00| 0 eng d | ||
| 041 | _aeng | ||
| 245 | _aPapers Laid Before The Legislative Council of Ceylon During The Session of 1897 : Report And Estimate For A Railway From Nanu-Oya To Uda Pussellawa. | ||
| 260 | _c1897 | ||
| 300 | _ap.533-553, 33 cm | ||
| 500 | _aSessional Paper -1897 | ||
| 942 | _cBK | ||
| 999 |
_c51709 _d51709 |
||
| 003 | LK-CoDNM | ||
| 040 |
_aLK-CoDNM _dLK-CoDNM _eLK-CoDNM |
||